| 000 | 00455nam a22001937a 4500 | ||
|---|---|---|---|
| 003 | CEME | ||
| 005 | 20210628205207.0 | ||
| 008 | 210211b xxu||||| |||| 00| 0 eng d | ||
| 020 | _a0-534-92140-X | ||
| 040 | _c. | ||
| 082 | _a510 TAN'A | ||
| 100 |
_aTan, S. T _959397 |
||
| 245 | _aApplied finite mathematics | ||
| 250 | _a3RD | ||
| 260 |
_aBOSTON _bKENT PUBLISHING _c1989 |
||
| 300 | _aXIV,462P | ||
| 650 |
_aMATHEMATICS _95432 |
||
| 942 |
_cBK _2ddc |
||
| 999 |
_c579901 _d579901 |
||